Normal view
MARC view
- اعداد وتقديم الحوراني، أحمد عبد الرحيم
Entry Personal Name
001 - CONTROL NUMBER
- control field: 29522
003 - CONTROL NUMBER IDENTIFIER
- control field: JO-AjAnu
005 - DATE AND TIME OF LATEST TRANSACTION
- control field: 20230606075006.0
008 - FIXED-LENGTH DATA ELEMENTS
- fixed length control field: 230606|| aca||aabn | a|a d
040 ## - CATALOGING SOURCE
- Original cataloging agency: JO-AjAnu
- Transcribing agency: JO-AjAnu
100 ## - HEADING--PERSONAL NAME
- Personal name: اعداد وتقديم الحوراني، أحمد عبد الرحيم
670 ## - SOURCE DATA FOUND
- Source citation: Work cat.: (JO-AjAnu)15158: اعداد وتقديم الحوراني، أحمد عبد الرحيم, author, رئيس الوزراء السابع في العهد الأردني الرابع: سمير زيد الرفاعي، الجزء الأول